[Event "Olympiad Women 2024"]
[Site "Budapest HUN"]
[Date "2024.09.15"]
[Round "5.74"]
[Board "2"]
[White "Oyenga, Justine Anassika"]
[Black "Moreno Mora, Milaydes Lourdes"]
[Result "0-1"]
[WhiteElo "1503"]
[BlackElo "1694"]
[PlyCount "128"]
[EventDate "2024.09.11"]
[WhiteTeam "Togo"]
[BlackTeam "Aruba"]
[WhiteTeamCountry "TOG"]
[BlackTeamCountry "ARN"]

1. e4 c5 2. Nf3 d6 3. Nc3 Nf6 4. Bc4 a6 5. Ng5 e6 6. O-O h6 ({RR} 6... b5 7. Be2 Be7 8. d3 Bb7 9. Be3 Nbd7 10. a3 O-O 11. Nf3 Qc7 12. d4 Nxe4 13. Nxe4 Bxe4 14. dxc5 dxc5 15. Bd3 Bxd3 16. Qxd3 c4 17. Qe4 Nf6 18. Qh4 Nd5 19. Bg5 f6 20. Bd2 e5 21. Qg4 {0-1 Sy Mame,B (1256)-Kaslan,V (1477) Olympiad Women-44 2022 (7.2)}) 7. Nf3 Be7 8. d4 $146 ({RR} 8. d3 b5 9. Bb3 O-O 10. h3 Nc6 11. a3 Bd7 12. Bd2 Qc7 13. Qe2 Rab8 14. Bf4 e5 15. Bg3 Nh5 16. Bh4 Bxh4 17. Nxh4 Nf4 18. Nd5 Nxe2+ 19. Kh1 Qd8 20. Rfe1 Ned4 21. Nf5 Nxf5 22. exf5 Bxf5 {0-1 Matiaske,W-Mohr,F (1280) Dortmund op-B 2003 (9)}) 8... cxd4 9. Nxd4 b5 10. Bb3 b4 11. Ba4+ Bd7 12. Bxd7+ Qxd7 13. Nce2 Nxe4 14. c3 bxc3 15. Nxc3 Nxc3 16. bxc3 Nc6 17. Bb2 Nxd4 18. cxd4 d5 19. Re1 O-O 20. Re3 Rfc8 21. Ba3 Bxa3 22. Rxa3 Rc4 23. Rb1 Qa7 24. Rd3 Rb8 25. Rxb8+ Qxb8 26. g3 Qb2 27. Rd2 Rc1 28. Rxb2 Rxd1+ 29. Kg2 Rxd4 30. Rb8+ Kh7 31. Kf1 Rd2 32. a3 Rd3 33. a4 Rd4 34. a5 Ra4 35. Rb7 Kg6 36. Ke2 Rxa5 37. f3 Ra2+ 38. Ke3 Rxh2 39. Rb6 Ra2 40. f4 a5 41. g4 Ra3+ 42. Kd4 Ra4+ 43. Ke3 Re4+ 44. Kf3 f5 45. gxf5+ Kxf5 46. Ra6 Rxf4+ 47. Ke3 a4 48. Ra8 Re4+ 49. Kd3 g5 50. Rf8+ Kg4 51. Rf1 a3 52. Rg1+ Kf3 53. Rf1+ Kg2 54. Ra1 Rf4 55. Ra2+ Kg3 56. Kc3 e5 57. Ra1 Rf3+ 58. Kb4 h5 59. Ka4 h4 60. Kb5 h3 61. Kc5 h2 62. Kxd5 Kg2 63. Ra2+ Kg1 64. Ra1+ Rf1 0-1

[Event "Olympiad Women 2024"]
[Site "Budapest HUN"]
[Date "2024.09.15"]
[Round "5.74"]
[Board "3"]
[White "Aponte, Samantha"]
[Black "Kponsou, Afiwa"]
[Result "1/2-1/2"]
[WhiteElo "1454"]
[BlackElo "1453"]
[PlyCount "65"]
[EventDate "2024.09.11"]
[WhiteTeam "Aruba"]
[BlackTeam "Togo"]
[WhiteTeamCountry "ARN"]
[BlackTeamCountry "TOG"]

1. e4 g6 2. Nf3 Bg7 3. Bc4 e6 4. d3 c6 ({RR} 4... d6 5. O-O Ne7 6. a4 O-O 7. Bb3 a5 8. Re1 b6 9. Nbd2 Bb7 10. Nf1 Nd7 11. c3 d5 12. e5 c5 13. Ng3 Rc8 14. Bc2 d4 15. Bf4 h6 16. h4 dxc3 17. bxc3 Bxf3 18. Qxf3 Nd5 19. Bb3 {0-1 Tokman,A (2399)-Fiorito,J (2409) Titled Tue 5th Mar Late 2024 (2)}) 5. c3 $146 ({RR} 5. Be3 Bxb2 6. Nbd2 Bxa1 7. Qxa1 f6 8. O-O d5 9. exd5 cxd5 10. Bb3 Nc6 11. Ba4 Bd7 12. Bxc6 Bxc6 13. h3 Qe7 14. Qb2 e5 15. d4 e4 16. Nh4 f5 17. g3 Qf6 18. c4 g5 19. cxd5 Bxd5 {1-0 Dillmann,M-Lindner,C SVR-op Hoehr-Grenzhausen 2004 (7)}) ({RR} 5. Bg5 Ne7 6. Nc3 O-O 7. O-O a5 8. a3 Re8 9. h3 b5 10. Ba2 Qc7 11. Bxe7 Rxe7 12. Qd2 Bb7 13. Qg5 d6 14. d4 Na6 15. e5 d5 16. Qh4 Rf8 17. Ng5 h6 18. Nf3 b4 19. axb4 Nxb4 {0-1 Demircin,M-Temizel,O (1185) TUR-chT2 Konya 2018 (7.29)}) 5... d5 6. exd5 cxd5 7. Bb3 Nc6 8. d4 b5 9. a3 a5 10. O-O Nge7 11. Nbd2 O-O 12. Re1 Nf5 13. Nf1 Qb6 14. Bc2 Bb7 15. Ne3 Nxe3 16. Bxe3 Qc7 17. Qd2 Ne7 18. Bh6 Rac8 19. Bxg7 Kxg7 20. Rac1 h6 21. Ne5 f5 22. Re3 g5 23. Qe2 Ba6 24. Qh5 Rf6 25. h3 Qd8 26. Bd3 Qe8 27. Qxe8 Rxe8 28. Rce1 f4 29. Rf3 Nf5 30. Ng4 Nh4 31. Nxf6 Nxf3+ 32. gxf3 Kxf6 33. a4 1/2-1/2

[Event "Olympiad Women 2024"]
[Site "Budapest HUN"]
[Date "2024.09.15"]
[Round "5.75"]
[Board "1"]
[White "Asha huang Limboo"]
[Black "Saiful Azmi, Nur Farzana"]
[Result "1-0"]
[WhiteElo "1420"]
[BlackElo "1533"]
[PlyCount "83"]
[EventDate "2024.09.11"]
[WhiteTeam "Bhutan"]
[BlackTeam "Brunei Darussalam"]
[WhiteTeamCountry "BTN"]

1. e4 c6 2. Nc3 d5 3. d4 dxe4 4. Nxe4 Bf5 5. f3 h5 ({RR} 5... Bxe4 6. fxe4 e5 7. Nf3 exd4 8. Qxd4 Qxd4 9. Nxd4 Nd7 10. Be3 Ngf6 11. Bd3 Bc5 12. c3 O-O 13. b4 Bb6 14. Rf1 Rfe8 15. Rf4 Ne5 16. Bc2 Neg4 17. Bd2 Bc7 18. Rf3 Nxh2 19. Rh3 Nhg4 20. Rf3 {0-1 Dubovik,V-Tamaev,T (2305) RUS-ch sf Krasnodar 1998}) ({RR} 5... Nd7 6. Bd3 Bg6 7. h4 h6 8. Qe2 e6 9. g4 h5 10. Qf2 Be7 11. g5 Qc7 12. Bd2 Bxe4 13. fxe4 Qb6 14. O-O-O Ne5 15. Rf1 Nxd3+ 16. cxd3 f6 17. Nh3 O-O-O 18. Be3 Qa6 19. Qc2 Qxa2 20. Nf4 {0-1 Liashkevich,L (1023)-Tolmacevs,A Panevezys op-C 2017 (1)}) 6. Bc4 $146 ({RR} 6. Ne2 Qb6 7. N2c3 e6 8. Be2 Bb4 9. O-O Ne7 10. Kh1 Qc7 11. Bd2 Bd6 12. h3 Nd7 13. a3 O-O-O 14. a4 c5 15. dxc5 Nxc5 16. b4 Nxe4 17. Nxe4 Bf4 18. Qc1 Bxd2 19. Nxd2 Bxc2 20. Qb2 Rxd2 {0-1 Fosse,J (1364)-Audigier,R (1250) Montigny le Bretonneux-C 9th 2010 (8)}) 6... e6 7. a3 Nd7 8. Be3 Ngf6 9. Nxf6+ Nxf6 10. Nh3 Qd7 11. Bb3 O-O-O 12. Qd2 b6 13. O-O-O Be7 14. Qe2 Kb7 15. Ng5 Bg6 16. Bf4 Nd5 17. Bxd5 cxd5 18. c3 Rc8 19. Qe3 Qa4 20. Rd2 Bxa3 21. Rg1 Qb4 22. Kd1 Qb3+ 23. Ke2 Bxb2 24. c4 Qxc4+ 25. Kf2 Bc3 26. Rdd1 Bc2 27. Nxf7 Bxd1 28. Nd6+ Ka6 29. Nxc4 Rxc4 30. Rxd1 Kb7 31. Qxe6 Rd8 32. Qe7+ Kc8 33. Be5 a5 34. Rb1 Rd7 35. Qe8+ Rd8 36. Qe6+ Rd7 37. Rxb6 Bxd4+ 38. Bxd4 Rxd4 39. Rc6+ Kd8 40. Qg8+ Ke7 41. Qxg7+ Kd8 42. Qxd4 1-0

[Event "Olympiad Women 2024"]
[Site "Budapest HUN"]
[Date "2024.09.15"]
[Round "5.75"]
[Board "3"]
[White "Yeshey lhaden"]
[Black "Redzuan, Nur Ainul Mardhiah"]
[Result "0-1"]
[WhiteElo "1514"]
[BlackElo "1481"]
[PlyCount "106"]
[EventDate "2024.09.11"]
[WhiteTeam "Bhutan"]
[BlackTeam "Brunei Darussalam"]
[WhiteTeamCountry "BTN"]

1. d4 d5 2. Bf4 Nf6 3. e3 c5 4. Bb5+ Nc6 5. dxc5 e6 6. Bxc6+ bxc6 7. b4 a5 8. c3 g6 ({RR} 8... Be7 9. Nf3 Nd7 10. a4 Bf6 11. Ra3 e5 12. Bg3 Rb8 13. Rb3 Ba6 14. Nbd2 O-O 15. Qb1 Qc8 16. Kd1 Bc4 17. Nxc4 dxc4 18. Rb2 axb4 19. Rxb4 Nxc5 20. Bxe5 Rxb4 21. cxb4 Rd8+ 22. Ke2 Nxa4 23. Bxf6 {0-1 Valcu,L (1990)-Steiners,E (1914) Uppsala Young Champions 2023 (3.8)}) 9. Nf3 $146 ({RR} 9. Nd2 Bg7 10. Be5 O-O 11. Ngf3 Ba6 12. Nd4 Qc8 13. a3 Nd7 14. Bxg7 Kxg7 15. N2f3 Bc4 16. Nd2 Ba6 17. Ne2 Qc7 18. O-O Ne5 19. h3 Ra7 20. Nb3 Nc4 21. Re1 Rfa8 22. f4 Kg8 23. Ned4 axb4 {1-0 Wiley,T (2190)-Zochowski,J (1929) Liberec op 18th 2018 (2)}) 9... Bg7 10. Ne5 Bb7 11. O-O O-O 12. Nd2 Nd7 13. Ndf3 f6 14. Nxd7 Qxd7 15. Bd6 Rfe8 16. Re1 e5 17. e4 Qe6 18. exd5 Qxd5 19. Qc2 f5 20. Rad1 Qe6 21. Nxe5 Bxe5 22. Rxe5 Qc4 23. Rde1 Rxe5 24. Rxe5 axb4 25. h3 Rxa2 26. Re8+ Kg7 27. Re7+ Kf6 28. Qc1 Ba6 29. Qe3 Re2 30. Qh6 Rxe7 31. Bxe7+ Kxe7 32. Qxh7+ Kf6 33. Qh8+ Kg5 34. Qd8+ Kf4 35. Qd6+ Kg5 36. f4+ Qxf4 37. Qxf4+ Kxf4 38. cxb4 Ke4 39. Kf2 Kd4 40. Kf3 Kc4 41. Kf4 Kxb4 42. Kg5 Kxc5 43. Kxg6 Bf1 44. Kxf5 Bxg2 45. h4 Bf3 46. Kf4 Bd1 47. Ke3 Bh5 48. Kd3 Kb4 49. Kd4 c5+ 50. Kd5 c4 51. Kd4 Kb3 52. Ke3 c3 53. Kd3 Kb2 0-1

[Event "Olympiad Women 2024"]
[Site "Budapest HUN"]
[Date "2024.09.16"]
[Round "6.1"]
[Board "1"]
[White "Dronavalli, Harika"]
[Black "Mkrtchian, Lilit"]
[Result "1/2-1/2"]
[WhiteElo "2502"]
[BlackElo "2366"]
[PlyCount "87"]
[EventDate "2024.09.11"]
[WhiteTeam "India"]
[BlackTeam "Armenia"]
[WhiteTeamCountry "IND"]
[BlackTeamCountry "ARM"]

1. Nf3 d5 2. d4 Nf6 3. c4 e6 4. Nc3 Be7 5. Bg5 h6 6. Bxf6 Bxf6 7. e3 O-O 8. Rc1 c6 9. Bd3 Nd7 10. O-O dxc4 11. Bxc4 e5 12. Ne4 exd4 13. Nxf6+ Qxf6 14. Qxd4 Qxd4 15. Nxd4 Ne5 ({RR} 15... Nb6 16. Be2 Bd7 17. Rfd1 Rfd8 18. Nb3 Be6 19. Nc5 Bxa2 20. Nxb7 Rxd1+ 21. Bxd1 Bd5 22. f3 Nc4 23. e4 Be6 24. b3 Rb8 25. Nc5 Na5 26. Nxe6 fxe6 27. Ra1 Rb5 28. Ra3 Rc5 29. Be2 Kf7 30. Kf2 {1-0 Maki Uuro,M (2280)-Valkama,E (2300) ch-FIN 2024 Helsinki FIN (6.2)}) 16. Be2 Bd7 17. Rfd1 $146 ({RR} 17. b4 Rfc8 18. f4 Ng4 19. Bxg4 Bxg4 20. f5 f6 21. Rc5 Bh5 22. Rfc1 Re8 23. Kf2 Bf7 24. b5 Bxa2 25. bxc6 bxc6 26. Nxc6 Bf7 27. Rb1 Kf8 28. Rd5 a6 29. Rb7 {½-½ Tscharotschkin,M (2144)-Bebchuk,L (2063) Calvia Amateur op 11th 2014 (8)}) 17... Rfd8 18. f3 Kf8 19. Kf2 a5 20. h3 Ng6 21. f4 Rac8 22. Nb3 b6 23. Nd2 Be8 24. Nc4 Rxd1 25. Rxd1 Rb8 26. Bf3 Ne7 27. Ne5 a4 28. g4 b5 29. Nd7+ Bxd7 30. Rxd7 Ke8 31. Rc7 Kd8 32. Ra7 Rc8 33. g5 hxg5 34. fxg5 Rc7 35. Ra8+ Rc8 36. Rxc8+ Kxc8 37. h4 g6 38. h5 gxh5 39. Bxh5 Ng6 40. Kf3 Kd7 41. Ke4 Ke6 42. Bg4+ Ke7 43. Bh5 Ke6 44. Bg4+ 1/2-1/2

[Event "Olympiad Women 2024"]
[Site "Budapest HUN"]
[Date "2024.09.16"]
[Round "6.1"]
[Board "2"]
[White "Mkrtchyan, Mariam"]
[Black "Vaishali, Rameshbabu"]
[Result "1/2-1/2"]
[WhiteElo "2328"]
[BlackElo "2498"]
[PlyCount "99"]
[EventDate "2024.09.11"]
[WhiteTeam "Armenia"]
[BlackTeam "India"]
[WhiteTeamCountry "ARM"]
[BlackTeamCountry "IND"]

1. d4 Nf6 2. c4 e6 3. Nf3 Bb4+ 4. Bd2 Qe7 5. g3 Bxd2+ 6. Qxd2 Nc6 7. a3 d5 8. b3 ({RR} 8. Bg2 dxc4 9. Qc3 O-O 10. Qxc4 e5 11. d5 Nb8 12. Nc3 c6 13. O-O cxd5 14. Nxd5 Nxd5 15. Qxd5 Nc6 16. Rac1 Be6 17. Qc5 Qxc5 18. Rxc5 f6 19. Rfc1 Rfc8 20. Ne1 Nd4 21. Kf1 Rxc5 22. Rxc5 Rc8 {1-0 Rustemov,A (2525)-Womacka,M (2357) Titled Tue 2nd Jan Late 2024 (11)}) 8... e5 $146 ({RR} 8... dxc4 9. bxc4 e5 10. Bg2 e4 11. Ng5 h6 12. Nh3 g5 13. O-O Bf5 14. Kh1 Qd7 15. Ng1 Qxd4 16. Qxd4 Nxd4 17. Nc3 O-O-O 18. Rab1 Rhe8 19. e3 Ne6 20. Rb5 Bg6 21. Nd5 Nd7 22. Ra5 Kb8 23. Rb1 {1-0 Li,C (2751)-Ivanchuk,V (2710) China Elite Mind blitz 2016 (4)}) 9. cxd5 Nxd5 10. dxe5 Nb6 11. Qc3 O-O 12. Bg2 Re8 13. O-O Nxe5 14. Nbd2 c6 15. e4 Nxf3+ 16. Nxf3 Bg4 17. h3 Bxf3 18. Bxf3 Rad8 19. Rad1 Qxa3 20. Rxd8 Rxd8 21. Ra1 Qe7 22. Rxa7 Nc8 23. Ra8 Nd6 24. Qa5 Rxa8 25. Qxa8+ Qf8 26. Qxf8+ Kxf8 27. e5 Nb5 28. Be4 Nd4 29. b4 Ne2+ 30. Kf1 Nc3 31. Bg2 Ke7 32. Ke1 Ke6 33. f4 Nd5 34. b5 cxb5 35. Kd2 b4 36. Kd3 b5 37. Kd4 Nc3 38. Bf1 h5 39. Bd3 g6 40. g4 h4 41. f5+ gxf5 42. gxf5+ Ke7 43. Kc5 b3 44. Kb4 Nd5+ 45. Kxb3 Nf4 46. Bf1 f6 47. e6 Nxe6 48. fxe6 Kxe6 49. Bxb5 Kf7 50. Kc3 1/2-1/2

[Event "Olympiad Women 2024"]
[Site "Budapest HUN"]
[Date "2024.09.16"]
[Round "6.1"]
[Board "3"]
[White "Divya, Deshmukh"]
[Black "Danielian, Elina"]
[Result "1-0"]
[WhiteElo "2483"]
[BlackElo "2393"]
[PlyCount "79"]
[EventDate "2024.09.11"]
[WhiteTeam "India"]
[BlackTeam "Armenia"]
[WhiteTeamCountry "IND"]
[BlackTeamCountry "ARM"]

1. e4 e6 2. d4 d5 3. e5 c5 4. c3 Nc6 5. Nf3 Bd7 6. Bd3 Qb6 7. O-O cxd4 8. Re1 Rc8 9. Nbd2 Nge7 10. Nb3 $146 ({RR} 10. h4 h6 11. Nb3 dxc3 12. bxc3 Na5 13. Nbd4 a6 14. Rb1 Qc7 15. Bd2 b5 16. a4 Nc4 17. axb5 axb5 18. Nxb5 Bxb5 19. Rxb5 Nxd2 20. Qxd2 Qxc3 21. Rb7 Qxd2 22. Bb5+ Nc6 23. Nxd2 Kd8 24. Nf3 Bb4 {1-0 Stevic,H (2549)-Hoang Thanh Trang (2402) ch-HUN Rapid 2023 (7.17)}) ({RR} 10. h4 Ng6 11. Nb3 dxc3 12. bxc3 Be7 13. h5 Nh4 14. Nxh4 Bxh4 15. Be3 Qd8 16. Bc5 Be7 17. Qg4 O-O 18. Bd4 Nxd4 19. cxd4 h6 20. Re3 f5 21. exf6 Rxf6 22. Rg3 Qf8 23. Re1 Rd8 24. Qe2 Bd6 {1-0 Shevchenko,K (2652)-Niemann,H (2637) Junior Speed Qual blitz 2022 (2.22)}) ({RR} 10. c4 Nb4 11. Qe2 Ng6 12. g3 Qa6 13. b3 Bc5 14. Bb2 O-O 15. h4 h6 16. Bxd4 Nxd3 17. Qxd3 dxc4 18. bxc4 Bxd4 19. Nxd4 Rfd8 20. Qe3 Be8 21. Rab1 b6 22. Rb3 Qxa2 23. Qc3 Qa4 24. h5 Ne7 {0-1 Ramirez Maillo,C (1995)-Fromm,M (2477) 1st Galdar Open 2024 (9.15)}) 10... dxc3 11. bxc3 Na5 12. Rb1 Nxb3 13. Rxb3 Qc7 14. Qe2 Nc6 15. Ng5 Na5 16. Rb1 Bc6 17. Nxh7 Be7 18. Qg4 g6 19. Ng5 Bxg5 20. Bxg5 Kd7 21. c4 dxc4 22. Bxg6 Rcf8 23. Be4 Kc8 24. Bf6 Rhg8 25. Qf3 Kb8 26. h4 Rc8 27. h5 Bxe4 28. Rxe4 c3 29. h6 c2 30. Rc1 Qd7 31. h7 Rh8 32. Bxh8 Rxh8 33. Qg4 Qd2 34. Qg8+ Kc7 35. Ree1 Qd8 36. Rxc2+ Nc6 37. Qxf7+ Qd7 38. Qxd7+ Kxd7 39. Rd1+ Ke7 40. Rb1 1-0

[Event "Olympiad Women 2024"]
[Site "Budapest HUN"]
[Date "2024.09.16"]
[Round "6.1"]
[Board "4"]
[White "Sargsyan, Anna M."]
[Black "Tania, Sachdev"]
[Result "1/2-1/2"]
[WhiteElo "2364"]
[BlackElo "2386"]
[PlyCount "121"]
[EventDate "2024.09.11"]
[WhiteTeam "Armenia"]
[BlackTeam "India"]
[WhiteTeamCountry "ARM"]
[BlackTeamCountry "IND"]

1. e4 e5 2. Nf3 Nc6 3. Bc4 Nf6 4. d3 Bc5 5. c3 d6 6. O-O a5 7. Re1 Ba7 8. Bb3 h6 9. Be3 ({RR} 9. Nbd2 O-O 10. Nf1 Be6 11. Ba4 Ne7 12. d4 Ng6 13. h3 c6 14. Bc2 b5 15. Be3 a4 16. b3 axb3 17. axb3 Qc7 18. Ng3 Bb6 19. Qd2 Rfe8 20. Bxh6 gxh6 21. Qxh6 Qe7 22. d5 Bd7 23. dxc6 Bxc6 {0-1 Kramnik,V (2753)-Esipenko,A (2704) Kramnik-Esipenko Blitz 2024 (5)}) 9... O-O 10. Bxa7 Rxa7 11. h3 $146 ({RR} 11. Nbd2 Nh5 12. Nc4 Nf4 13. Ne3 Qf6 14. g3 Nxd3 15. Nd5 {1-0 Alekseev,E (2573)-Vaibhav,S (2588) AI Cup Div 3 W 2023 (2.2)}) 11... Nh5 12. Nxe5 Nxe5 13. Qxh5 Nxd3 14. Re3 Nf4 15. Qf3 Qg5 16. Kh1 a4 17. Bc2 Bd7 18. Nd2 Raa8 19. Rae1 Bc6 20. Qg4 Qxg4 21. hxg4 Rfe8 22. g3 Ne6 23. Kg1 Nc5 24. Nf3 Ne6 25. Nh4 g6 26. f4 Kg7 27. e5 dxe5 28. f5 Nf8 29. Rxe5 Rxe5 30. Rxe5 Kf6 31. Re2 Re8 32. Rd2 a3 33. bxa3 Re3 34. fxg6 fxg6 35. Kh2 Rxc3 36. Rf2+ Kg5 37. Kh3 h5 38. gxh5 gxh5 39. Bd1 Bd7+ 40. Kh2 Ng6 41. Rf7 Ne5 42. Nf3+ Nxf3+ 43. Bxf3 Be6 44. Rf8 Rxa3 45. Bxb7 Rxa2+ 46. Kg1 c5 47. Rf2 Rxf2 48. Kxf2 c4 49. Ke3 Bf5 50. Bf3 c3 51. Be2 Be4 52. Bb5 Bg6 53. Be2 Be4 54. Bb5 Bf5 55. Be2 Bg4 56. Bb5 Bd1 57. Kd3 Kg4 58. Be8 Kxg3 59. Bxh5 c2 60. Kd2 Bxh5 61. Kxc2 1/2-1/2

[Event "Olympiad Women 2024"]
[Site "Budapest HUN"]
[Date "2024.09.16"]
[Round "6.2"]
[Board "1"]
[White "Gaal, Zsoka"]
[Black "Cori T., Deysi"]
[Result "1-0"]
[WhiteElo "2385"]
[BlackElo "2366"]
[PlyCount "51"]
[EventDate "2024.09.11"]
[WhiteTeam "Hungary"]
[BlackTeam "Peru"]
[WhiteTeamCountry "HUN"]
[BlackTeamCountry "PER"]

1. d4 e6 2. c4 b6 3. a3 Bb7 4. Nc3 Nf6 5. d5 exd5 6. cxd5 Bd6 7. Nf3 O-O 8. Bg5 ({RR} 8. g3 Na6 9. Bg2 Nc5 10. b4 Nce4 11. Nxe4 Nxe4 12. Bb2 Qe7 13. O-O f5 14. Qd3 a5 {½-½ Zhigalko,S (2620)-Kovalev,V (2639) Orsha op 2018 (6)}) ({RR} 8. g3 c6 9. Bg2 h6 10. O-O Nxd5 11. Nxd5 cxd5 12. b4 Na6 13. Bb2 Re8 14. Qd4 Bf8 15. Qd2 Nc7 16. Nd4 Ba6 17. Rfe1 Bc4 18. h4 a5 19. Nf5 axb4 20. axb4 Rxa1 21. Bxa1 b5 22. Bc3 Re6 {½-½ Maki Uuro,M (2281)-Sivuk,V (2563) 32nd Heart of Finland Op 2024 (6.1)}) 8... h6 9. h4 $146 ({RR} 9. Bh4 Re8 10. e3 c6 11. Bc4 Ba6 12. Bxa6 Nxa6 13. O-O Nc7 14. dxc6 dxc6 15. Qa4 b5 16. Qc2 g5 17. Bg3 Bxg3 18. hxg3 Ne6 19. Rad1 Qe7 20. e4 Nd7 21. Rfe1 g4 22. Nh4 Ne5 23. Nf5 Qg5 {1-0 Georgiev,K (2623)-Arnaudov,P (2439) EU-ch rapid Katowice 2017 (10)}) ({RR} 9. Bh4 c6 10. dxc6 dxc6 11. e3 Be7 12. Bc4 b5 13. Bb3 Nbd7 14. O-O a6 15. Nd4 Nc5 16. Bc2 g6 17. Qf3 Nd5 18. Bxe7 Nxe7 19. Qh3 Kg7 20. f4 Nd5 21. f5 Nxc3 22. f6+ Kh7 23. Nf5 h5 {1-0 Borawski,J (2150)-Rak,M (1694) POL-chT rapid 2018 (9.31)}) 9... c5 10. Qc2 Be7 11. O-O-O d6 12. e3 a6 13. g4 Nxg4 14. Bd3 Bc8 15. Bxe7 Qxe7 16. Ng5 Ne5 17. Bxa6 hxg5 18. hxg5 Ng6 19. Bd3 Qe5 20. Ne4 c4 21. f4 Nxf4 22. exf4 Qxf4+ 23. Qd2 Qxd2+ 24. Rxd2 f5 25. g6 fxe4 26. Rdh2 1-0

[Event "Olympiad Women 2024"]
[Site "Budapest HUN"]
[Date "2024.09.16"]
[Round "6.2"]
[Board "2"]
[White "Aliaga Fernandez, Ingrid Y"]
[Black "Hoang, Thanh Trang"]
[Result "1/2-1/2"]
[WhiteElo "2111"]
[BlackElo "2351"]
[PlyCount "77"]
[EventDate "2024.09.11"]
[WhiteTeam "Peru"]
[BlackTeam "Hungary"]
[WhiteTeamCountry "PER"]
[BlackTeamCountry "HUN"]

1. e4 e6 2. d4 d5 3. Nc3 Nf6 4. e5 Nfd7 5. f4 c5 6. Nf3 Nc6 7. Be3 a6 8. Qd2 b5 9. dxc5 Bxc5 10. Bxc5 Nxc5 11. Qf2 Qb6 12. Bd3 b4 13. Ne2 a5 14. O-O Ba6 15. Rfd1 h6 ({RR} 15... O-O 16. Ned4 Rfc8 17. Nb3 Na4 18. Qxb6 Nxb6 19. Nbd4 Na4 20. Rdb1 Nc5 21. Bxa6 Rxa6 22. a3 Ne4 23. axb4 Nxb4 24. Rc1 h6 25. Kf1 Rb6 26. Ke2 Nc6 27. Nxc6 Rcxc6 28. b3 Rb4 29. Rxa5 Nc3+ 30. Ke3 {½-½ Kuczynski,R (2510)-Glek,I (2590) Bundesliga 9495 1994 [1]}) 16. Nfd4 $146 ({RR} 16. Kh1 Ne7 17. Ned4 O-O 18. Qh4 Rfe8 19. Qg4 Ne4 20. Rf1 Rac8 21. Rad1 Nc6 22. Bxa6 Qxa6 23. f5 Nxd4 24. Nxd4 Rc4 25. fxe6 Rxe6 26. Qf5 Re7 27. e6 Nf6 28. exf7+ Rxf7 29. Ne6 Qd6 30. Nd4 Qd7 {½-½ Pereira,E (2049)-Dutta,S (2275) Wch U20 41st 2002 (10)}) ({RR} 16. Ned4 Ne4 17. Bxe4 dxe4 18. Nxc6 Qxc6 19. Rd6 Qc7 20. Nd4 O-O 21. f5 exf5 22. Nxf5 Bc8 23. Nxh6+ gxh6 24. Qg3+ Kh7 25. Rf1 Be6 26. Rf6 Rg8 27. Qf4 Rg6 28. Rxg6 Qa7+ 29. Kh1 Kxg6 30. Qxe4+ Kg7 {0-1 Principe,A (2295)-Bluebaum,M (2668) Titled Tue 17th Oct Early 2023 (2)}) ({RR} 16. Kh1 Ne7 17. Ng3 g6 18. Ne2 Na4 19. Qxb6 Nxb6 20. Bxa6 Rxa6 21. b3 Nf5 22. Ned4 Nxd4 23. Nxd4 Ke7 24. a3 bxa3 25. Rxa3 Kd7 26. Rda1 Rha8 27. g3 Nc8 28. Ra4 Nb6 29. R4a2 Nc8 30. Kg2 Kc7 {1-0 L'Ami,E (2438)-Zaragatski,I (2319) EU-ch U18 Peniscola 2002 (7)}) 16... Ne7 17. h3 O-O 18. Qe3 Rfc8 19. Rf1 Na4 20. Rab1 Ra7 21. Rf3 Bxd3 22. cxd3 Rac7 23. Kh2 Nc6 24. Rg3 Ne7 25. b3 Nc5 26. Rf1 Nd7 27. f5 Nxf5 28. Nxf5 exf5 29. Nd4 Re8 30. Rxf5 Nf8 31. Rxg7+ Kxg7 32. Rf6 Qb8 33. Qxh6+ Kg8 34. Nf5 Ne6 35. Rxe6 fxe6 36. Qg6+ Kh8 37. Qf6+ Kg8 38. Qg6+ Kh8 39. Qf6+ 1/2-1/2

[Event "Olympiad Women 2024"]
[Site "Budapest HUN"]
[Date "2024.09.16"]
[Round "6.2"]
[Board "3"]
[White "Terbe, Julianna"]
[Black "Contreras Huaman, Fiorella"]
[Result "1/2-1/2"]
[WhiteElo "2245"]
[BlackElo "2168"]
[PlyCount "144"]
[EventDate "2024.09.11"]
[WhiteTeam "Hungary"]
[BlackTeam "Peru"]
[WhiteTeamCountry "HUN"]
[BlackTeamCountry "PER"]

1. d4 d5 2. c4 c6 3. cxd5 cxd5 4. Nc3 Nf6 5. Bf4 Nc6 6. e3 a6 7. Be2 e6 8. Nf3 Bd6 9. Bxd6 Qxd6 10. O-O O-O 11. Rc1 b5 12. a4 b4 13. Nb1 Bd7 14. Nbd2 Na5 15. Ne5 Rfc8 16. Rxc8+ $146 ({RR} 16. Nxd7 Nxd7 17. Bd3 Rxc1 18. Qxc1 g6 19. b3 e5 20. dxe5 Nxe5 21. Be2 Nb7 22. Nf3 Nd7 23. Rd1 Nbc5 24. Nd4 Nf6 25. Bf3 Rd8 26. h3 Nfe4 27. Bxe4 dxe4 28. Qc4 a5 29. Rc1 Nd3 30. Rc2 Ne1 {1-0 Smirnova,E (2204)-Maletina,T (2188) TCh-RUS Women 2023 (4.2)}) 16... Rxc8 17. Bd3 Be8 18. f4 b3 19. Nxb3 Bxa4 20. Qa1 Nxb3 21. Qxa4 Qb6 22. Nd7 Nxd7 23. Qxd7 Rb8 24. f5 Nxd4 25. fxe6 Qxe6 26. Qxe6 Nxe6 27. Bxa6 Rxb2 28. Rd1 Rb6 29. Be2 Rd6 30. Bf3 d4 31. exd4 Rxd4 32. Ra1 g6 33. g3 h5 34. h4 Rd3 35. Kf2 Nd4 36. Ra8+ Kg7 37. Be4 Rc3 38. Ra7 Ne6 39. Bd5 Rc7 40. Ra2 Nd4 41. Be4 Re7 42. Bd3 Re6 43. Ra4 Rf6+ 44. Kg2 Nf3 45. Be4 Ne5 46. Ra3 Rb6 47. Bd5 Rb2+ 48. Kg1 Rd2 49. Be4 Rd4 50. Re3 Ng4 51. Re2 f5 52. Bf3 Kf6 53. Bxg4 Rxg4 54. Kf2 f4 55. gxf4 Rxh4 56. Kg3 Rg4+ 57. Kf3 Rg1 58. Ra2 h4 59. Ra7 Rg3+ 60. Ke4 h3 61. Rh7 Rb3 62. Rh8 Ke6 63. Rh7 Kf6 64. Rh8 Kg7 65. Rh4 Rg3 66. Ke5 Re3+ 67. Kd4 Ra3 68. Ke4 Rg3 69. Ke5 Rb3 70. Ke4 g5 71. Rh5 Rb4+ 72. Kf5 Rxf4+ 1/2-1/2

[Event "Olympiad Women 2024"]
[Site "Budapest HUN"]
[Date "2024.09.16"]
[Round "6.2"]
[Board "4"]
[White "Garcia Andrada, Heidy Nicole"]
[Black "Papp, Petra"]
[Result "1-0"]
[WhiteElo "2003"]
[BlackElo "2259"]
[PlyCount "117"]
[EventDate "2024.09.11"]
[WhiteTeam "Peru"]
[BlackTeam "Hungary"]
[WhiteTeamCountry "PER"]
[BlackTeamCountry "HUN"]

1. c4 e5 2. Nc3 Nc6 3. g3 Bc5 4. Bg2 a6 5. e3 d6 6. Nge2 Ba7 7. d4 Nf6 8. h3 O-O 9. O-O h6 ({RR} 9... Re8 10. g4 Rb8 11. b3 Bd7 12. a4 Nb4 13. Ba3 a5 14. Bxb4 axb4 15. Nb5 Bxb5 16. axb5 Bb6 17. Ng3 Nd7 18. Qd2 exd4 19. exd4 Qf6 20. Nf5 g6 21. Nh6+ Kg7 22. Rad1 Bxd4 23. g5 Qe5 24. Qxd4 {1-0 Georg,H (2053)-Pesotskiy,M (2137) Titled Tue 19th Mar Late 2024 (4)}) ({RR} 9... Re8 10. Kh2 h6 11. d5 Ne7 12. e4 c6 13. f4 cxd5 14. cxd5 exf4 15. Nxf4 Ng6 16. Nxg6 fxg6 17. Bf4 Qe7 18. g4 Nd7 19. Qd2 Ne5 20. Bg3 Bd7 21. Rae1 Rf8 22. b3 Rac8 23. Ne2 Bb5 24. Rxf8+ {0-1 Almasi,I (2398)-Papp,P (2334) HUN-ch rapid 2018 (13)}) 10. a3 Re8 $146 ({RR} 10... Bd7 11. b4 Qc8 12. Kh2 Ne7 13. Bb2 Bc6 14. d5 Bd7 15. Qd2 Ng6 16. f4 Re8 17. f5 Bxf5 18. e4 Bd7 19. Rxf6 gxf6 20. Qxh6 Qd8 21. Rf1 Qe7 22. Bc1 Qf8 23. Qh5 Qg7 24. Qf3 Kf8 25. Qxf6 {0-1 Varghese Pappachan,K (1402)-Pradeep,T (1887) Kolhapur Kulkarni Memorial 2021 (9)}) 11. b4 Rb8 12. d5 Ne7 13. e4 Nh7 14. Kh2 Ng6 15. Qd3 Rf8 16. Be3 Bxe3 17. Qxe3 Qe7 18. Rac1 Bd7 19. c5 b6 20. cxd6 cxd6 21. Rc2 Rfc8 22. Rfc1 h5 23. Qd3 b5 24. Nb1 Qd8 25. Nd2 h4 26. Nb3 Qb6 27. Ng1 Rf8 28. g4 Nf4 29. Qe3 Qd8 30. Na5 Qf6 31. Rc7 Be8 32. R1c2 Ng5 33. Nb7 Ra8 34. Na5 Qg6 35. Bh1 Kh8 36. Nb7 Rb8 37. Qa7 Rxb7 38. Qxb7 Nxe4 39. Rc8 Nc5 40. R8xc5 dxc5 41. Rxc5 Qf6 42. Be4 g6 43. Rc8 Qd6 44. Qa8 Qd7 45. Rd8 Qc7 46. Rxe8 Rxe8 47. Qxe8+ Kg7 48. Qc6 Qd8 49. Nf3 Qb8 50. d6 Ne6 51. Qd5 Qb6 52. Kg1 a5 53. Qxe5+ Kg8 54. Bxg6 Qc6 55. Bxf7+ Kxf7 56. Qxe6+ Kxe6 57. Nd4+ Kxd6 58. Nxc6 Kxc6 59. bxa5 1-0